000 00316nam a2200145Ia 4500
100 _aTitterton/George F
942 _cBK
654 _aAircraft
245 _aAircraft Materials & processes
260 _bPitman &sons
_aNewyork
_c1951
082 _a621.13
_bTIT
300 _a359
546 _aENGLISH
999 _c26166
_d26166